[Event "HUN-chT2 Charousek 0304"]
[Site "Hungary"]
[Date "2004.04.18"]
[Round "11"]
[White "Lisznyai, Sandor"]
[Black "Huszar, Richard"]
[Result "1-0"]
[WhiteElo "2144"]
[BlackElo "1820"]
[PlyCount "45"]
[EventDate "2003.09.28"]
[EventType "team"]
[EventRounds "11"]
[EventCountry "HUN"]
[SourceTitle "EXT 2005"]
[Source "ChessBase"]
[SourceDate "2004.11.15"]
[SourceVersion "1"]
[SourceVersionDate "2004.11.15"]
[SourceQuality "1"]

1. e4 e6 2. Nf3 d5 3. e5 c5 4. b4 c4 5. c3 f6 6. d3 Qc7 7. dxc4 dxc4 8. Na3 fxe5 9. Nxc4 Nd7 10. a4 Ngf6 11. Be2 Be7 12. 0-0 0-0 13. Qb3 Nd5 14. Bd2 b6 15. Bd3 Bb7 16. Rfe1 Bd6 17. Ng5 Qc6 18. Bxh7+ Kh8 19. b5 Qc8 20. Nxd6 Nc5 21. Qd1 Rxf2 22. Qh5 Rxg2+ 23. Kh1 1-0

[Event "HUN-chT2 Charousek 0304"]
[Site "Hungary"]
[Date "2004.02.08"]
[Round "7"]
[White "Szabo, Adam"]
[Black "Lisznyai, Sandor"]
[Result "1/2-1/2"]
[WhiteElo "2113"]
[BlackElo "2144"]
[PlyCount "98"]
[EventDate "2003.09.28"]
[EventType "team"]
[EventRounds "11"]
[EventCountry "HUN"]
[SourceTitle "EXT 2005"]
[Source "ChessBase"]
[SourceDate "2004.11.15"]
[SourceVersion "1"]
[SourceVersionDate "2004.11.15"]
[SourceQuality "1"]

1. e4 c5 2. Nf3 Nc6 3. Bb5 e6 4. 0-0 Nge7 5. Re1 a6 6. Bf1 Ng6 7. b3 Be7 8. Bb2 0-0 9. c3 d5 10. d4 dxe4 11. Rxe4 e5 12. d5 f5 13. Re1 e4 14. dxc6 Qxd1 15. Rxd1 exf3 16. Nd2 Ne5 17. Nxf3 Nxc6 18. Bc4+ Kh8 19. Bd5 Bf6 20. Bxc6 bxc6 21. Ba3 Bxc3 22. Rac1 Bb4 23. Bxb4 cxb4 24. Rxc6 Bb7 25. Rb6 Rad8 26. Rxd8 Rxd8 27. h3 Bxf3 28. gxf3 a5 29. Ra6 g6 30. Rxa5 Kg7 31. Ra4 Rd2 32. Rxb4 Rxa2 33. Rb7+ Kh6 34. f4 Rb2 35. Kg2 g5 36. fxg5+ Kxg5 37. b4 h5 38. b5 Kf4 39. b6 Rb1 40. Rb8 h4 41. b7 Rb2 42. Rh8 Rxb7 43. Rxh4+ Kg5 44. Ra4 Rb3 45. h4+ Kh5 46. f3 Rb1 47. Kg3 Rh1 48. Rb4 Kg6 49. Rb6+ Kf7 1/2-1/2

[Event "HUN-chT 0203"]
[Site "Hungary"]
[Date "2003.03.23"]
[Round "9.12"]
[White "Lisznyai, Sandor"]
[Black "Magyar, Andras"]
[Result "1-0"]
[WhiteElo "2145"]
[BlackElo "2159"]
[PlyCount "49"]
[EventDate "2002.09.22"]
[EventType "team"]
[EventRounds "11"]
[EventCountry "HUN"]
[SourceTitle "EXT 2004"]
[Source "ChessBase"]
[SourceDate "2003.11.25"]
[SourceVersion "1"]
[SourceVersionDate "2003.11.25"]
[SourceQuality "1"]
[WhiteTeam "PMSE"]
[BlackTeam "Haladas"]
[WhiteTeamCountry "HUN"]
[BlackTeamCountry "HUN"]

1. e4 c5 2. Nf3 Nc6 3. d4 cxd4 4. c3 dxc3 5. Nxc3 d6 6. Bc4 e6 7. 0-0 Bd7 8. Qe2 Nge7 9. Bf4 Ng6 10. Bg3 Be7 11. Rad1 Nge5 12. Nxe5 dxe5 13. Qd3 a6 14. f4 exf4 15. Bxf4 b5 16. Bb3 Qb6+ 17. Kh1 Qb7 18. Qg3 g6 19. Nd5 exd5 20. exd5 Nd8 21. Rde1 Bf5 22. Bg5 Ne6 23. dxe6 f6 24. Bh6 Rg8 25. Rxf5 1-0

[Event "HUN-chT 0203"]
[Site "Hungary"]
[Date "2002.10.13"]
[Round "2.12"]
[White "Lisznyai, Sandor"]
[Black "Antal, Agnes"]
[Result "1-0"]
[WhiteElo "2145"]
[BlackElo "2175"]
[PlyCount "83"]
[EventDate "2002.09.22"]
[EventType "team"]
[EventRounds "11"]
[EventCountry "HUN"]
[SourceTitle "EXT 2004"]
[Source "ChessBase"]
[SourceDate "2003.11.25"]
[SourceVersion "1"]
[SourceVersionDate "2003.11.25"]
[SourceQuality "1"]
[WhiteTeam "PMSE"]
[BlackTeam "BEAC"]
[WhiteTeamCountry "HUN"]
[BlackTeamCountry "HUN"]

1. e4 c5 2. Nf3 Nc6 3. d4 cxd4 4. c3 d5 5. exd5 Qxd5 6. cxd4 e6 7. Be2 Nge7 8. Nc3 Qd8 9. 0-0 g6 10. Bg5 Bg7 11. Bb5 0-0 12. Bxc6 bxc6 13. Qa4 Qc7 14. Rac1 Nf5 15. Ne4 Bb7 16. Nc5 Bc8 17. Rc2 h6 18. Bd2 g5 19. Nd3 Bb7 20. Nde5 Rfc8 21. Rfc1 Qd8 22. Qb4 Rab8 23. Qc5 h5 24. Be3 g4 25. Nd2 g3 26. hxg3 Nxe3 27. fxe3 Qg5 28. Ndf3 Qxe3+ 29. Kh2 Ba8 30. Qe7 Rb7 31. Qh4 Rbc7 32. Qxh5 Qh6 33. g4 Qf4+ 34. g3 Qe4 35. Ng5 Qxd4 36. Qh7+ Kf8 37. Nxe6+ fxe6 38. Rf1+ Ke7 39. Qxg7+ Kd6 40. Nf7+ Kd5 41. Qg5+ e5 42. Rd2 1-0

[Event "IECG CP.2001.P.00069"]
[Site "IECG email"]
[Date "2001.10.01"]
[Round "?"]
[White "Belem, Juarez Rodrigues Jr"]
[Black "Lisznyai, Sandor"]
[Result "1/2-1/2"]
[WhiteElo "800"]
[BlackElo "2150"]
[PlyCount "79"]
[EventDate "2001.10.01"]
[EventType "tourn (corr)"]
[EventRounds "6"]
[SourceTitle "Corr 2008"]
[Source "ChessBase"]
[SourceDate "2008.06.24"]
[SourceVersion "1"]
[SourceVersionDate "2008.06.24"]
[SourceQuality "1"]

1. e4 c5 2. Nf3 Nc6 3. d4 cxd4 4. Nxd4 Nf6 5. Nc3 e5 6. Ndb5 d6 7. Bg5 a6 8. Na3 b5 9. Bxf6 gxf6 10. Nd5 Bg7 11. Bd3 Ne7 12. Nxe7 Qxe7 13. c3 f5 14. Nc2 Qb7 15. Qf3 0-0 16. Ne3 f4 17. Nd5 Be6 18. g4 b4 19. c4 Bxd5 20. exd5 e4 21. Bxe4 Bxb2 22. Rb1 Be5 23. 0-0 a5 24. Qd3 f6 25. c5 Qg7 26. c6 Qxg4+ 27. Kh1 Qh5 28. Rg1+ Kh8 29. Bf5 f3 30. h3 Rf7 31. Rbc1 Rc7 32. Rc4 Rf8 33. h4 Rff7 34. Rcg4 Rg7 35. Be6 f5 36. Qxf5 Qxf5 37. Bxf5 Rxg4 38. Rxg4 h6 39. h5 Ra7 40. Kg1 1/2-1/2

[Event "IECG CP.2001.P.00069"]
[Site "IECG email"]
[Date "2001.10.01"]
[Round "?"]
[White "Burmako, Eugeny"]
[Black "Lisznyai, Sandor"]
[Result "0-1"]
[WhiteElo "1400"]
[BlackElo "2150"]
[PlyCount "44"]
[EventDate "2001.10.01"]
[EventType "tourn (corr)"]
[EventRounds "6"]
[SourceTitle "Corr 2008"]
[Source "ChessBase"]
[SourceDate "2008.06.24"]
[SourceVersion "1"]
[SourceVersionDate "2008.06.24"]
[SourceQuality "1"]

1. e4 c5 2. Nf3 d6 3. d4 cxd4 4. Nxd4 Nf6 5. Nc3 a6 6. Bg5 e6 7. f4 Be7 8. Qf3 Qc7 9. 0-0-0 Nbd7 10. g4 b5 11. Bxf6 Nxf6 12. g5 Nd7 13. f5 Nc5 14. f6 gxf6 15. gxf6 Bf8 16. Rg1 h5 17. a3 Bd7 18. Bh3 Na4 19. Nxa4 bxa4 20. e5 Rb8 21. exd6 Qb6 22. Rge1 Qxb2+ 0-1

[Event "IECG CP.2001.P.00069"]
[Site "IECG email"]
[Date "2001.10.01"]
[Round "?"]
[White "Lisznyai, Sandor"]
[Black "Moulin, Simon"]
[Result "0-1"]
[WhiteElo "2150"]
[BlackElo "2000"]
[PlyCount "44"]
[EventDate "2001.10.01"]
[EventType "tourn (corr)"]
[EventRounds "6"]
[SourceTitle "Corr 2008"]
[Source "ChessBase"]
[SourceDate "2008.06.24"]
[SourceVersion "1"]
[SourceVersionDate "2008.06.24"]
[SourceQuality "1"]

1. e4 c5 2. Nf3 d6 3. d4 cxd4 4. Nxd4 Nf6 5. Nc3 a6 6. Bg5 e6 7. f4 Qb6 8. Qd2 Qxb2 9. Nb3 Nc6 10. Bxf6 gxf6 11. Be2 Qa3 12. 0-0 Be7 13. Bh5 Rg8 14. Rae1 Rg7 15. Nd5 Bd8 16. e5 fxe5 17. fxe5 dxe5 18. Rxf7 Rxf7 19. Rf1 exd5 20. Qxd5 Bb6+ 21. Kh1 Bd7 22. Rxf7 0-0-0 0-1

[Event "IECG CP.2001.P.00069"]
[Site "IECG email"]
[Date "2001.10.01"]
[Round "?"]
[White "Lisznyai, Sandor"]
[Black "Ottaviani, Mauro"]
[Result "1/2-1/2"]
[WhiteElo "2150"]
[BlackElo "1680"]
[PlyCount "150"]
[EventDate "2001.10.01"]
[EventType "tourn (corr)"]
[EventRounds "6"]
[SourceTitle "Corr 2008"]
[Source "ChessBase"]
[SourceDate "2008.06.24"]
[SourceVersion "1"]
[SourceVersionDate "2008.06.24"]
[SourceQuality "1"]

1. d4 Nf6 2. Nf3 g6 3. g3 Bg7 4. Bg2 0-0 5. 0-0 d6 6. c4 Nc6 7. d5 Na5 8. Nfd2 c6 9. Nc3 cxd5 10. cxd5 Bd7 11. e4 Rc8 12. h3 Qb6 13. Kh2 Rc7 14. f4 Nh5 15. Ndb1 Rfc8 16. Qf3 Bd4 17. Qe2 e6 18. g4 Nf6 19. dxe6 fxe6 20. e5 dxe5 21. fxe5 Ne8 22. Na3 Qc5 23. Ne4 Bxe5+ 24. Kh1 Qe7 25. Bg5 Qb4 26. Bd2 Qb6 27. Qf3 Bg7 28. Qf7+ Kh8 29. Bc3 e5 30. Bxe5 Be6 31. Qf8+ Bg8 32. Bxc7 Qxb2 33. Rab1 Bxf8 34. Rxb2 Nxc7 35. Nb5 Nxb5 36. Rxb5 b6 37. Rb2 h6 38. Rd2 Nc4 39. Rd7 Ne3 40. Rf3 Nxg2 41. Kxg2 Bxa2 42. Rf6 g5 43. Nd6 Ra8 44. Nb5 a5 45. Rxb6 a4 46. Nc7 Rc8 47. Nd5 Bxd5+ 48. Rxd5 a3 49. Ra6 Rc7 50. Kf3 Rb7 51. Ke4 Kg7 52. Rda5 Re7+ 53. Re5 Rb7 54. Ree6 Kh7 55. Kf5 Rb5+ 56. Re5 Rb7 57. Rea5 Rb3 58. Ra7+ Kg8 59. Kg6 Rb6+ 60. Kh5 Re6 61. Rb7 Re3 62. Ra6 Rxh3+ 63. Kg6 Rd3 64. Rb8 Rd7 65. Rxa3 Rd6+ 66. Kh5 Rf6 67. Ra7 Rf7 68. Rbb7 Rf6 69. Rc7 Rb6 70. Rf7 Re6 71. Rf5 Be7 72. Raa5 Bf6 73. Ra7 Be7 74. Rxe7 Rxe7 75. Kxh6 Rh7+ 1/2-1/2